Journal of The Institution of Engineers (INDIA) (Record no. 9742)

MARC details
000 -LEADER
fixed length control field 00558nam a22001217a 4500
003 - CONTROL NUMBER IDENTIFIER
control field OSt
008 - FIXED-LENGTH DATA ELEMENTS--GENERAL INFORMATION
fixed length control field 201203b ||||| |||| 00| 0 eng d
245 ## - TITLE STATEMENT
Title Journal of The Institution of Engineers (INDIA)
250 ## - EDITION STATEMENT
Edition statement 2008(Jan Vol.88 No.28, Jul Vol.89 No.25, May Vol.89 No.29, Jun Vol.89 No.27, Jul Vol.89 No.25, Sep Vol.89 No.19, Sep Vol.89 No.19, Sep Vol.89 No.19, Aug Vol.89 No.25, Oct Vol.89 No.17, Oct Vol.89 No.17, Nov Vol.89 No.17, Dec Vol.89 No.17)
260 ## - PUBLICATION, DISTRIBUTION, ETC. (IMPRINT)
Place of publication, distribution, etc Kolkata
Name of publisher, distributor, etc The Institution of Engineers
650 ## - SUBJECT ADDED ENTRY--TOPICAL TERM
Topical term or geographic name as entry element Mechanical Engineering
942 ## - ADDED ENTRY ELEMENTS (KOHA)
Source of classification or shelving scheme Dewey Decimal Classification
Koha item type BOUND VOLUME
Holdings
Withdrawn status Lost status Source of classification or shelving scheme Materials specified (bound volume or other part) Damaged status Not for loan Collection code Home library Current library Date acquired Source of acquisition Serial Enumeration / chronologySerial Enumeration / Volume No. Total Checkouts Acc. no. / Barcode Date last seen Bill Date Koha item type
    Dewey Decimal Classification Bound Volume   Not For Loan B.Tech(ME) PIET C-LIBRARY PIET C-LIBRARY 11/12/2020 The Institution of Engineers 2008(Jan Vol.88 No.28, Jul Vol.89 No.25, May Vol.89 No.29, Jun Vol.89 No.27, Jul Vol.89 No.25, Sep Vol.89 No.19, Sep Vol.89 No.19, Sep Vol.89 No.19, Aug Vol.89 No.25, Oct Vol.89 No.17, Oct Vol.89 No.17, Nov Vol.89 No.17, Dec Vol.89 No.17)   BV252 11/12/2020 09/01/2008 BOUND VOLUME

Design & Developed by: PIET Central Library
R70 Miles Stone Pattikalyana Samalkha Panipat 132102
mail ID :- [email protected], Phone No:- 0180-2569700 Ex.216